It's My Life - Bon Jovi (lyrics) - Statistics

General Stats
  • This quiz has been taken 83 times
  • The average score is 185 of 233
Answer Stats
lyrics % Correct
I
100%
"I
100%
it
100%
It's
100%
it's
100%
my
100%
My
100%
life
98%
a
96%
for
95%
forever
95%
live
95%
never
95%
No
95%
no
95%
now
95%
or
93%
to
91%
When
91%
when
91%
the
89%
hear
88%
heart
88%
just
88%
want
88%
way"
88%
is
86%
broken
84%
ain't
82%
gonna
82%
I'm
82%
This
82%
like
80%
Like
80%
said
80%
did
79%
hearted
79%
alive
77%
and
77%
out
77%
song
77%
highway
75%
open
73%
while
73%
who
70%
be
68%
in
68%
loud
68%
You
68%
you
68%
shout
66%
voice
64%
Frankie
61%
your
57%
down
55%
back
52%
Don't
52%
don't
52%
their
52%
You're
52%
ones
50%
Tommy
50%
crowd
46%
Gina
46%
ground
46%
make
46%
face
45%
departed
43%
stood
43%
backed
41%
faith
38%
mistake
38%
getting
36%
Tomorrow's
36%
harder
34%
prayer
32%
break,
30%
got
30%
silent
30%
they're
27%
Luck
25%
baby
23%
own
23%
bend,
18%
stand
18%
better
16%
breaks
16%
calling
16%
tall
16%
you've
11%
enough,
2%
No matching quizzes found
Score Distribution
Percent of People with Each Score
Percentile by Number Answered
Your Score History
You have not taken this quiz